[Event "Barcelona Sant Marti op-B 22nd"]
[Site "Barcelona"]
[Date "2022.07.20"]
[Round "8"]
[White "Pascual Gonzalez, Novelles David"]
[Black "Cheng, Justin Hong Chen"]
[Result "0-1"]
[WhiteElo "1554"]
[BlackElo "1661"]
[PlyCount "42"]
[EventDate "2022.07.13"]
[EventType "swiss"]
[EventRounds "9"]
[EventCountry "ESP"]
[SourceTitle "CBM 210 Extra"]
[Source "ChessBase"]
[SourceDate "2022.11.30"]
[SourceVersion "1"]
[SourceVersionDate "2022.11.30"]
[SourceQuality "1"]

1. e4 e5 2. Nf3 Nc6 3. Bc4 Nf6 4. Ng5 d5 5. exd5 b5 6. dxc6 bxc4 7. d3 Qd5 8. Qf3 cxd3 9. Qxd5 Nxd5 10. cxd3 Nb4 11. Kd2 Ba6 12. a3 Nxd3 13. Nc3 Be7 14. h4 Rd8 15. Ke3 Bc5+ 16. Kf3 Nxc1 17. Raxc1 Rd3+ 18. Ke4 f5+ 19. Kxf5 0-0+ 20. Kxe5 Bd6+ 21. Ke4 Rf4# 0-1

[Event "Asia Nations online Cup"]
[Site "Chess.com INT"]
[Date "2020.10.10"]
[Round "2.16"]
[White "Liyanage, Ranindu Dilshan"]
[Black "Cheng, Justin Hong Chen"]
[Result "1-0"]
[WhiteElo "2178"]
[BlackElo "1644"]
[PlyCount "53"]
[EventDate "2020.10.10"]
[EventType "team-swiss (rapid)"]
[EventRounds "9"]
[EventCountry "IND"]
[SourceTitle "CBM 198 Extra"]
[Source "ChessBase"]
[SourceDate "2020.11.30"]
[SourceVersion "1"]
[SourceVersionDate "2020.11.30"]
[SourceQuality "1"]
[WhiteTeam "Sri Lanka"]
[BlackTeam "Hong Kong"]
[WhiteTeamCountry "SRI"]
[BlackTeamCountry "HKG"]

1. e4 c5 2. Nf3 e6 3. d4 cxd4 4. Nxd4 a6 5. Bd3 Be7 6. 0-0 Qc7 7. Qe2 d6 8. c4 Nf6 9. Nc3 0-0 10. Kh1 Nbd7 11. f4 b6 12. Nf3 Bb7 13. b3 b5 14. Bb2 bxc4 15. Bxc4 Nc5 16. Rac1 Qb6 17. e5 Nd5 18. Bxd5 exd5 19. Nd4 Ne4 20. Nxe4 dxe4 21. Nf5 Rfe8 22. exd6 Bxd6 23. Nxg7 Bf8 24. Nxe8 Rxe8 25. f5 Bh6 26. Qg4+ Kf8 27. Ba3+ 1-0

[Event "Hong Kong-chT"]
[Site "Hong Kong"]
[Date "2017.05.29"]
[Round "7.1"]
[White "Cheng, Justin Hong Chen"]
[Black "Yu, Peter"]
[Result "0-1"]
[WhiteElo "1283"]
[BlackElo "2247"]
[PlyCount "88"]
[EventDate "2017.04.03"]
[EventType "team-swiss"]
[EventRounds "7"]
[EventCountry "HKG"]
[SourceTitle "CBM 178 Extra"]
[Source "ChessBase"]
[SourceDate "2017.06.22"]
[SourceVersion "1"]
[SourceVersionDate "2017.06.22"]
[SourceQuality "1"]
[WhiteTeam "Active Kids CC"]
[BlackTeam "Team Yu"]
[WhiteTeamCountry "HKG"]
[BlackTeamCountry "HKG"]

1. e4 e6 2. d4 d5 3. exd5 exd5 4. Bd3 Bd6 5. Ne2 Nc6 6. c3 Nf6 7. 0-0 Bg4 8. f3 Bh5 9. Bf4 Ne7 10. Bxd6 Qxd6 11. Ng3 Bg6 12. Re1 0-0-0 13. b4 Bxd3 14. Qxd3 g6 15. Nd2 h5 16. a4 h4 17. Ngf1 Nf5 18. b5 Nh5 19. Ne4 dxe4 20. fxe4 Nxd4 21. e5 Qd7 22. Qxd4 Qxd4+ 23. cxd4 Rxd4 24. e6 fxe6 25. Rxe6 Nf4 26. Re7 Rf8 27. g3 Kd8 28. Rae1 hxg3 29. hxg3 Nh5 30. R1e3 Rxa4 31. R7e6 Ra1 32. Re1 Rxe1 33. Rxe1 Kd7 34. g4 Nf6 35. Ne3 Kd6 36. Rc1 Rf7 37. g5 Ne4 38. Nc4+ Kd5 39. Na5 Nd6 40. Kg2 b6 41. Nb3 Nxb5 42. Rd1+ Kc6 43. Nd2 Rf5 44. Ne4 Nd6 0-1

[Event "Hong Kong-ch prel"]
[Site "Hong Kong"]
[Date "2017.01.23"]
[Round "3"]
[White "Cheng, Justin Hong Chen"]
[Black "Mahajan, Ritesh"]
[Result "0-1"]
[WhiteElo "1269"]
[BlackElo "1640"]
[PlyCount "48"]
[EventDate "2017.01.09"]
[EventType "swiss"]
[EventRounds "11"]
[EventCountry "HKG"]
[SourceTitle "EXT 2018"]
[Source "ChessBase"]
[SourceDate "2017.10.13"]
[SourceVersion "1"]
[SourceVersionDate "2017.10.13"]
[SourceQuality "1"]

1. e4 e6 2. d4 d5 3. exd5 exd5 4. Bd3 Nc6 5. c3 Bd6 6. Ne2 Bg4 7. h3 Bh5 8. 0-0 Nge7 9. Nd2 Qd7 10. Qc2 0-0-0 11. Ng3 Bxg3 12. fxg3 Qd6 13. g4 Bg6 14. Bxg6 Nxg6 15. Rxf7 Rhf8 16. Rxg7 Qg3 17. Nf1 Rxf1+ 18. Kxf1 Rf8+ 19. Kg1 Nh4 20. Bf4 Rxf4 21. Rf1 Qe3+ 22. Rf2 Qe1+ 23. Kh2 Rxf2 24. Rg8+ Nd8 0-1

[Event "Hong Kong-chT"]
[Site "Hong Kong"]
[Date "2016.05.09"]
[Round "7.1"]
[White "Chu, Ka Lok"]
[Black "Cheng, Justin Hong Chen"]
[Result "0-1"]
[WhiteElo "1798"]
[BlackElo "1267"]
[PlyCount "82"]
[EventDate "2016.03.31"]
[EventType "team-swiss"]
[EventRounds "7"]
[EventCountry "HKG"]
[SourceTitle "EXT 2017"]
[Source "ChessBase"]
[SourceDate "2016.10.25"]
[SourceVersion "1"]
[SourceVersionDate "2016.10.25"]
[SourceQuality "1"]
[WhiteTeam "Chess Ally"]
[BlackTeam "Active Kids CC II"]
[WhiteTeamCountry "HKG"]
[BlackTeamCountry "HKG"]

1. Nc3 e5 2. b3 d5 3. Nf3 Nc6 4. Bb2 Nf6 5. d4 Bd6 6. Qd3 e4 7. Qd2 exf3 8. gxf3 Bf5 9. a3 Qe7 10. Rg1 Bxh2 11. Rg5 g6 12. 0-0-0 0-0-0 13. b4 Nh5 14. Rg2 Bd6 15. b5 Na5 16. Nxd5 Qe6 17. Qxa5 Qxd5 18. c4 Qxc4+ 19. Bc3 Qa2 20. e4 Bxa3+ 21. Qxa3 Qxa3+ 22. Bb2 Qxf3 23. exf5 Qxf5 24. f3 Qf4+ 25. Rgd2 Ng3 26. Bd3 Rhe8 27. Kb1 Qxf3 28. Bc4 Ne4 29. Rd3 Qf5 30. Ka1 h5 31. d5 h4 32. Ra3 Kb8 33. Rf1 Qd7 34. Re1 Nd6 35. Rxe8 Rxe8 36. Bd4 Nxc4 37. Bxa7+ Kc8 38. Rb3 Qxd5 39. Rc3 Re1+ 40. Ka2 Qxb5 41. Rc2 Qb1# 0-1